| 000 | 00870nam a2200229 i 4500 | ||
|---|---|---|---|
| 001 | bg | ||
| 100 | 1 |
_aJanecki, Janusz _d(1937-2008). |
|
| 245 | 1 | 0 |
_aFizjonomia polskiej szaty roślinnej / _cJanusz Janecki ; Katolicki Uniwersytet Lubelski. Wydział Matematyczno-Przyrodniczy. |
| 260 |
_aLublin : _bRedakcja Wydawnictw KUL, _c1999. |
||
| 300 |
_a109 s., [4] k. tabl. (w tym złoż.) : _bfot. (w tym kolor.), mapy, rys., wykr., err. ; _c24 cm. |
||
| 504 | _aBibliogr. s. 107-109. | ||
| 650 | 9 |
_aRośliny _xgeografia _zPolska |
|
| 710 | 0 |
_aKatolicki Uniwersytet Lubelski _bWydział Matematyczno-Przyrodniczy |
|
| 020 | _a8322807244 | ||
| 040 | _cBPK | ||
| 041 | 0 | _apol | |
| 080 | _a581.9(438) | ||
| 920 | _a83-228-0724-4 | ||
| 942 | _cKS | ||
| 008 | s pl f |000 0 pol | ||
| 999 |
_c44176 _d44176 |
||
| 856 |
_uhttp://koha.tu.koszalin.pl/cgi-bin/koha/opac-detail.pl?biblionumber=44176 _yKatalog online BPK |
||